000 00956nas a2200301 4500
001 BR0204090
003 BR-BrBNA
005 20231205103200.0
007 ta
008 230509b bl.|||p| |||| 00| 00por d
040 _aBR-BrBNA
_bpor
_cBiblioteca Nacional de Agricultura
041 _a(Pt)
072 _aP36
100 1 _aSantos, A.C.
100 1 _aSilva, I.F.
100 1 _aLima, J.R.S.
100 1 _aAndrade, A.P.
100 1 _aCavalcante, V.R.
245 1 _aGramíneas e leguminosas na recuperação de áreas degradadas: efeito nas caracteristicas químicas de solo
650 _aDETERIORAÇÃO DO SOLO
650 _aRECUPERAÇÃO DO SOLO
650 _aGRAMÍNEA
650 _aLEGUMINOSA
650 _aPROPRIEDADE FÍSICO-QUÍMICA
773 0 _tRevista Brasileira de Ciência do Solo (Brazil)
_xISSN 0100-0683
_g(Oct-Dec 2001), v. 25(4) p. 1063-1071
_wBR0204090
909 _a202311
_bLúcia
_c55
_dLúcia Elande
942 _2AGRIS
_n0
_cANA
999 _c171527
_d171527